000 00882nam a22001937a 4500
999 _c371502
_d371502
008 201127b ||||| |||| 00| 0 eng d
040 _aDE-2950
_bger
_cDE-2950
_erda
041 _ager
245 _aRubens mit Schweißerbrille.
_bEine skurrile Bewegung gewinnt in der Lausitz an Zulauf: der Steampunk. Seine Vertreter erinnern an das industrielle Zeitalter des 19. Jahrhunderts. Einige von ihnen stellen mit großem Aufwand die Gemälde Alter Meister fotografisch nach /
_cThomas Klatt
264 _c2022
490 _aBrandenburger Blätter
_vvom 05./06.03.2022
653 _aSteampunk
653 _aLausitz
773 _dFrankfurt (Oder) Märkisches Verlags- und Druckhaus GmbH & Co KG
_tMärkische Oderzeitung
_g33. Jahrgang (2022) Nr. 54 vom 05./06.03.2022, Journal am Wochenende, S. 5
942 _cA